| 000 | 00577nam a2200193 a 4500 | ||
|---|---|---|---|
| 001 | 3229 | ||
| 003 | CDMR | ||
| 005 | 20131126153424.0 | ||
| 008 | 130130s1962||||||||||||||||||||||||||||d | ||
| 040 |
_aCDMR _bcat _cCDMR |
||
| 100 | 1 |
_aAndrews, Linton, Sir _92341 |
|
| 245 | 1 | 0 |
_aProblems of an editor _b: a study in newspaper trends _cLinton Andrews |
| 260 |
_aLondon _c1962 _bOxford University Press |
||
| 300 | _a178 p. | ||
| 650 | 0 | 4 |
_94337 _aÈtica empresarial |
| 650 | 0 | 4 |
_93457 _aEditors |
| 650 | 0 | 4 |
_93665 _aEmpreses periodístiques _xDirecció i administració |
| 942 |
_cMON _2udc |
||
| 999 |
_c3229 _d3229 |
||